[Event "FRA-ch U18 Girls"]
[Site "Montlucon"]
[Date "2011.04.19"]
[Round "4"]
[White "Soubirou, Oriane"]
[Black "Turquetille, Annabelle"]
[Result "1-0"]
[WhiteElo "1996"]
[BlackElo "1773"]
[PlyCount "105"]
[EventDate "2011.04.17"]
[EventType "swiss"]
[EventRounds "9"]
[EventCountry "FRA"]
[SourceTitle "CBM 142 Extra"]
[Source "ChessBase"]
[SourceDate "2011.06.27"]
[SourceVersion "1"]
[SourceVersionDate "2011.06.27"]
[SourceQuality "1"]

1. d4 d5 2. c4 c6 3. Nc3 Nf6 4. e3 Bf5 5. cxd5 cxd5 6. Qb3 Qd7 7. Nf3 e6 8. Ne5 Qc7 9. Bd2 a6 10. Rc1 Nc6 11. f3 Bd6 12. Na4 Bxe5 13. dxe5 Nd7 14. Be2 Ndxe5 15. Nb6 Rb8 16. 0-0 0-0 17. Rfd1 Nd7 18. Nxd7 Qxd7 19. Be1 Qe7 20. Bg3 Rbc8 21. Be1 Rfd8 22. Bc3 d4 23. exd4 Nxd4 24. Bxd4 Rxc1 25. Rxc1 Rxd4 26. Rc8+ Rd8 27. Qxb7 Qd6 28. Qxa6 Qd7 29. Rxd8+ Qxd8 30. Qc4 Qb6+ 31. Kf1 e5 32. Qb5 Qxb5 33. Bxb5 Be6 34. a4 Kf8 35. Ke2 Ke7 36. b4 Kd6 37. Kd3 f5 38. Bc4 Bd7 39. a5 Bc6 40. Ke3 Kc7 41. f4 Bxg2 42. fxe5 g5 43. e6 f4+ 44. Kd4 Kd6 45. b5 f3 46. Bd5 Bf1 47. b6 f2 48. b7 Kc7 49. Ke3 Bh3 50. Kxf2 Bxe6 51. Bxe6 Kxb7 52. Bc4 h5 53. Ke3 1-0

[Event "FRA-ch U16 Girls"]
[Site "Troyes"]
[Date "2010.04.16"]
[Round "7"]
[White "Ruhlmann, Helene"]
[Black "Turquetille, Annabelle"]
[Result "1-0"]
[WhiteElo "1816"]
[BlackElo "1630"]
[PlyCount "99"]
[EventDate "2010.04.11"]
[EventType "swiss"]
[EventRounds "9"]
[EventCountry "FRA"]
[SourceTitle "EXT 2012"]
[Source "ChessBase"]
[SourceDate "2011.11.24"]
[SourceVersion "1"]
[SourceVersionDate "2011.11.24"]
[SourceQuality "1"]

1. e4 e5 2. Nf3 d5 3. exd5 e4 4. Ne5 Qxd5 5. d4 exd3 6. Nxd3 Nf6 7. Nc3 Bb4 8. Nxb4 Qxd1+ 9. Kxd1 0-0 10. Bg5 Ng4 11. Bh4 c6 12. Be2 Ne5 13. Nd3 Ng6 14. Bg3 Na6 15. Kd2 f5 16. Be5 Rd8 17. f4 c5 18. Ke3 Be6 19. Rhd1 c4 20. Ne1 Nb4 21. Bf3 Nxe5 22. fxe5 g5 23. Bxb7 Rab8 24. Rxd8+ Rxd8 25. Bf3 g4 26. Be2 Nc6 27. Rd1 Rxd1 28. Bxd1 Nxe5 29. Kd4 Nd7 30. Be2 Nb6 31. Nb5 Na4 32. Bxc4 Bxc4 33. Kxc4 Nxb2+ 34. Kb3 Nd1 35. Nxa7 Ne3 36. c4 Kf7 37. Kc3 h5 38. Nc6 Nf1 39. Nd4 Kf6 40. h3 Ng3 41. hxg4 fxg4 42. a4 h4 43. a5 Ne4+ 44. Kd3 Nc5+ 45. Ke3 Kg5 46. Nd3 h3 47. gxh3 gxh3 48. Nf3+ Kg4 49. Nxc5 Kg3 50. a6 1-0

[Event "FRA-ch U14 Girls"]
[Site "Le Grand Bornand"]
[Date "2007.04.??"]
[Round "1"]
[White "Turquetille, Annabelle"]
[Black "Alonso, Audrey"]
[Result "0-1"]
[WhiteElo "1390"]
[BlackElo "1770"]
[PlyCount "62"]
[EventDate "2007.04.07"]
[EventType "swiss"]
[EventRounds "9"]
[EventCountry "FRA"]
[SourceTitle "CBM 118 Extra"]
[Source "ChessBase"]
[SourceDate "2007.07.04"]
[SourceVersion "1"]
[SourceVersionDate "2007.07.04"]
[SourceQuality "1"]

1. e4 e5 2. Nf3 Nc6 3. Nc3 Nf6 4. d4 exd4 5. Nxd4 Bb4 6. Nxc6 Bxc3+ 7. bxc3 bxc6 8. Bg5 Qe7 9. Qd4 Qxe4+ 10. Qxe4+ Nxe4 11. Be3 0-0 12. c4 d5 13. Bd3 Re8 14. 0-0 Nd6 15. c5 Ne4 16. Rfe1 Bd7 17. Bxe4 Rxe4 18. Rab1 Rae8 19. Rb7 d4 20. Rxc7 dxe3 21. Rxe3 Rxe3 22. fxe3 Bf5 23. Rxa7 Bxc2 24. a4 Kf8 25. Kf2 Re5 26. Ra5 Ke7 27. Ra7+ Ke6 28. a5 Rxc5 29. Ke2 Be4 30. Kd2 Bxg2 31. a6 Ra5 0-1